Pokémon de type Électrik - Mort Subite - Statistiques

Statistiques générales
  • Ce quiz a été pris 1 050 fois
  • Le résultat moyen est 13 sur 20
Answers on the Grid
Answers color-coded by a green-red scale on the quiz's grid according to % correct below.
Pikachu
Élekable
Ohmassacre
Pohmarmotte
Ampibidou
Galvagon
Loupio
Galvaran
Épine-de-Fer
Pelage-Sablé
Électhor
Fulguris
Zapétrel
Zekrom
Voltoutou
Zébibron
Pharamp
Statitik
Toxizap
Wattapik
Larvibulle
Tokopiyon
Flotte-Mèche
Éflèche
Rondoudou
Tauros
Carmache
Victini
Froussardine
Lugulabre
Mimiqui
Scarhino
Archéodong
Diamat
Corvaillus
Duralugon
Mysdibule
Meltan
Sharpedo
Porygon
 
Statistiques - réponses
Réponse % Correct
Élekable
77%
Électhor
76%
Pikachu
76%
Zébibron
75%
Statitik
74%
Voltoutou
71%
Loupio
70%
Pharamp
70%
Wattapik
70%
Zekrom
69%
Fulguris
65%
Ohmassacre
65%
Toxizap
62%
Pohmarmotte
57%
Zapétrel
57%
Galvaran
55%
Ampibidou
54%
Pelage-Sablé
41%
Galvagon
40%
Épine-de-Fer
38%
Aucun quiz correspondant
Distribution des résultats
% des personnes avec chaque résultat
Percentile par nombre de réponses
Votre historique - résultats
Vous n’avez pas pris ce quiz